[Event "FIDE World Rapid Team"]
[Site "London ENG"]
[Date "2025.06.11"]
[Round "2.1"]
[White "Rapport, Richard"]
[Black "Pichot, Alan"]
[Result "1-0"]
[WhiteTitle "GM"]
[BlackTitle "GM"]
[WhiteElo "2714"]
[BlackElo "2588"]
[WhiteTeam "KazChess"]
[BlackTeam "Duobeniajan Costa Calida ESJ"]
[WhiteFideId "738590"]
[BlackFideId "110973"]
[EventDate "2025.06.11"]
[EventType "team"]

1. e4 e5 2. Nf3 Nc6 3. Bb5 a6 4. Ba4 Nf6 5. d3 d6 6. c3 g6 7. O-O Bg7 8. Re1 O-O
9. h3 Re8 10. Be3 b5 11. Bc2 Bb7 12. Nbd2 Nb8 13. b4 a5 14. a3 Nbd7 15. Nb3 axb4
16. axb4 Rxa1 17. Qxa1 Qb8 18. Qa5 c6 19. Ra1 Bf8 20. Nfd2 Nh5 21. d4 Nf4 22.
Bxf4 exf4 23. Nf3 Nf6 24. Nbd2 Qa8 25. Qa7 d5 26. e5 Nd7 27. Nb3 Be7 28. Ne1 f6
29. Nd3 fxe5 30. dxe5 Qc8 31. e6 Nf8 32. Ndc5 Ba8 33. Re1 Qb8 34. Qxb8 Rxb8 35.
Ra1 Kg7 36. Ra7 Kf6 37. Nd4 Re8 38. h4 Ke5 39. Na6 Bd6 40. Rf7 1-0

[Event "FIDE World Rapid Team"]
[Site "London ENG"]
[Date "2025.06.11"]
[Round "2.2"]
[White "Ibarra Jerez, Jose Carlos"]
[Black "Grischuk, Alexander"]
[Result "1/2-1/2"]
[WhiteTitle "GM"]
[BlackTitle "GM"]
[WhiteElo "2545"]
[BlackElo "2667"]
[WhiteTeam "Duobeniajan Costa Calida ESJ"]
[BlackTeam "KazChess"]
[WhiteFideId "2226332"]
[BlackFideId "4126025"]
[EventDate "2025.06.11"]
[EventType "team"]

1. e4 c5 2. d4 cxd4 3. Qxd4 Nc6 4. Qd3 g6 5. Nc3 Bg7 6. Nf3 d6 7. Be2 Bg4 8. O-O
Nf6 9. Nd5 Nd7 10. c3 e6 11. Ne3 Bxf3 12. Bxf3 Nde5 13. Qd1 Nxf3+ 14. Qxf3 O-O
15. Rd1 Ne5 16. Qe2 Qc7 17. Ng4 Nxg4 18. Qxg4 Qc6 19. Bg5 1/2-1/2

[Event "FIDE World Rapid Team"]
[Site "London ENG"]
[Date "2025.06.11"]
[Round "2.3"]
[White "Esipenko, Andrey"]
[Black "Cuenca Jimenez, Jose Fernando"]
[Result "0-1"]
[WhiteTitle "GM"]
[BlackTitle "GM"]
[WhiteElo "2689"]
[BlackElo "2487"]
[WhiteTeam "KazChess"]
[BlackTeam "Duobeniajan Costa Calida ESJ"]
[WhiteFideId "24175439"]
[BlackFideId "2255570"]
[EventDate "2025.06.11"]
[EventType "team"]

1. d4 Nf6 2. Nf3 g6 3. g3 Bg7 4. Bg2 O-O 5. O-O d6 6. Nc3 d5 7. Re1 c6 8. e4
Nxe4 9. Nxe4 dxe4 10. Rxe4 c5 11. Bg5 f6 12. Bf4 cxd4 13. Rxd4 Qe8 14. Be3 Nc6
15. Rd2 e5 16. Rd6 Kh8 17. Bc5 Be6 18. c3 Rf7 19. Nd2 f5 20. Nf3 Rd7 21. Rxd7
Bxd7 22. Qb3 b6 23. Ng5 h6 24. Nf7+ Kh7 25. Nd6 Qd8 26. Ba3 e4 27. Rd1 Ne5 28.
Nf7 Qe8 29. Nxe5 Ba4 30. Qd5 Bxd1 31. Nc4 Be2 32. Nd6 Qa4 33. Bf1 Qd1 34. Qxd1
Bxd1 35. c4 Rd8 36. c5 bxc5 37. Nc4 Bd4 38. b3 Bf3 39. h4 g5 40. hxg5 hxg5 41.
Bc1 Kg6 42. Bd2 Rf8 43. Bg2 Bxg2 44. Kxg2 f4 45. gxf4 gxf4 46. f3 e3 47. Ba5 e2
48. Nd6 Rg8 0-1

[Event "FIDE World Rapid Team"]
[Site "London ENG"]
[Date "2025.06.11"]
[Round "2.4"]
[White "Camacho Collados, Marcos"]
[Black "Ansat, Aldiyar"]
[Result "0-1"]
[WhiteTitle "IM"]
[BlackTitle "IM"]
[WhiteElo "2462"]
[BlackElo "2489"]
[WhiteTeam "Duobeniajan Costa Calida ESJ"]
[BlackTeam "KazChess"]
[WhiteFideId "2266237"]
[BlackFideId "13715658"]
[EventDate "2025.06.11"]
[EventType "team"]

1. Nf3 Nf6 2. g3 e6 3. Bg2 d5 4. O-O Be7 5. d3 O-O 6. Nbd2 Nc6 7. e4 dxe4 8.
dxe4 e5 9. Nc4 Qxd1 10. Rxd1 Nxe4 11. Nfxe5 Nxe5 12. Nxe5 Nd6 13. Nd3 Bf5 14.
Bf4 Rad8 15. Bxd6 Rxd6 16. Bxb7 Bxd3 17. Rxd3 Rxd3 18. cxd3 Rb8 19. Bd5 Rxb2 20.
Rc1 Bd6 21. Bb3 Kf8 22. Kg2 Ke7 23. Kf3 a5 24. Rc4 Rb1 25. h4 Re1 26. Ra4 Re5
27. d4 Rb5 28. Ke4 Bb4 29. Bc4 Rb6 30. Ke3 Rc6 31. Kd3 Rf6 32. Ke2 Rd6 33. a3
Rxd4 34. Bd3 Bc3 35. Rxd4 Bxd4 36. Bxh7 Bc5 37. Bc2 Bxa3 38. Kd3 Kd6 39. f3 Kc5
40. Kc3 Bb4+ 41. Kb3 Be1 42. g4 Bxh4 43. Bh7 Kd4 44. Bg8 f6 45. Ka4 Be1 46. Kb3
c5 47. Be6 c4+ 48. Kc2 a4 49. Bf7 a3 50. Bg6 Bc3 51. Kb1 Bb2 52. Kc2 Ke3 53. Be4
Be5 54. Kb1 Kd2 55. Ka2 c3 56. Kb3 c2 57. Bxc2 a2 0-1

[Event "FIDE World Rapid Team"]
[Site "London ENG"]
[Date "2025.06.11"]
[Round "2.5"]
[White "Kaliakhmet, Elnaz"]
[Black "Khotenashvili, Bella"]
[Result "0-1"]
[WhiteTitle "WFM"]
[BlackTitle "GM"]
[WhiteElo "2218"]
[BlackElo "2418"]
[WhiteTeam "KazChess"]
[BlackTeam "Duobeniajan Costa Calida ESJ"]
[WhiteFideId "13730169"]
[BlackFideId "13602640"]
[EventDate "2025.06.11"]
[EventType "team"]

1. d4 g6 2. c4 c5 3. d5 Bg7 4. Nc3 d6 5. e4 e6 6. Nf3 Ne7 7. Bd3 O-O 8. O-O e5
9. Nh4 h6 10. g3 Bh3 11. Re1 Nd7 12. Bf1 Bxf1 13. Rxf1 a6 14. Ng2 Nf6 15. Qe2
Qd7 16. a4 Qh3 17. f3 h5 18. a5 Rab8 19. Be3 b6 20. Ra2 Ne8 21. axb6 Rxb6 22.
Rfa1 Nc7 23. Nd1 Kh7 24. Nf2 Qd7 25. Nd3 f5 26. b4 fxe4 27. fxe4 Rxb4 28. Nxb4
cxb4 29. Rb2 Rb8 30. Bd2 b3 31. Ra3 a5 32. Rxa5 Ng8 33. Ra3 Nf6 34. Rbxb3 Rxb3
35. Rxb3 Na6 36. Bg5 Nc5 37. Re3 Ng4 38. Rf3 Qa7 39. Kh1 Qa1+ 40. Rf1 Qd4 41. h3
Nxe4 42. Qf3 Nxg5 43. Qe2 Nxh3 44. Nh4 Nhf2+ 45. Kg2 Ne4 46. Re1 Nc5 47. Qc2 e4
48. Kh3 Nf2+ 49. Kg2 Ng4 50. Kh3 Ne5 51. Rc1 Ncd3 52. Rf1 Nxc4 53. Qa4 Qxd5 54.
Qe8 Nce5 55. Qe7 e3 56. Ra1 e2 57. Ng2 Nf2+ 58. Kh2 Nf3# 0-1

[Event "FIDE World Rapid Team"]
[Site "London ENG"]
[Date "2025.06.11"]
[Round "2.6"]
[White "Torres, Lucas"]
[Black "Aiten, Islam"]
[Result "0-1"]
[WhiteElo "1897"]
[BlackElo "1950"]
[WhiteTeam "Duobeniajan Costa Calida ESJ"]
[BlackTeam "KazChess"]
[WhiteFideId "1769464"]
[BlackFideId "13749420"]
[EventDate "2025.06.11"]
[EventType "team"]

1. e4 e5 2. Nf3 Nc6 3. d4 exd4 4. Nxd4 Nf6 5. Nxc6 bxc6 6. Nd2 d5 7. exd5 cxd5
8. Bb5+ Bd7 9. Bxd7+ Qxd7 10. O-O Be7 11. b3 O-O 12. Bb2 Rfe8 13. Qf3 Rad8 14.
Rad1 c6 15. Nc4 Ne4 16. Ne3 Qe6 17. Nf5 Bf6 18. Bxf6 Qxf6 19. Nd4 Qg6 20. Rfe1
Re5 21. Qf4 Rg5 22. g3 h6 23. Nxc6 Qxc6 24. Rxe4 Qxc2 25. Red4 Qxa2 26. Qc7 Re8
27. Rxd5 Rxd5 28. Rxd5 Qb1+ 29. Kg2 Qe4+ 0-1

[Event "FIDE World Rapid Team"]
[Site "London ENG"]
[Date "2025.06.11"]
[Round "2.1"]
[White "Shirov, Alexei"]
[Black "McShane, Luke J"]
[Result "1-0"]
[WhiteTitle "GM"]
[BlackTitle "GM"]
[WhiteElo "2620"]
[BlackElo "2615"]
[WhiteTeam "Global Ramblers"]
[BlackTeam "Malcolm's Mates"]
[WhiteFideId "2209390"]
[BlackFideId "404853"]
[EventDate "2025.06.11"]
[EventType "team"]

1. e4 e5 2. Nf3 Nc6 3. Bc4 Nf6 4. d3 Bc5 5. Bg5 O-O 6. Nbd2 Be7 7. a4 d6 8. a5
Ng4 9. Bxe7 Nxe7 10. a6 b6 11. h3 Nf6 12. Nf1 c6 13. Ng3 b5 14. Bb3 Qb6 15. Nh4
d5 16. Qf3 Be6 17. O-O Rfe8 18. Rfe1 Rad8 19. exd5 cxd5 20. Rxe5 Qd4 21. Rg5 h6
22. Nhf5 Nxf5 23. Nxf5 Qxb2 24. Nxh6+ Kh7 25. Re1 gxh6 26. Rge5 Nd7 27. R5e3 Qf6
28. Bxd5 Qxf3 29. Bxf3 Rc8 30. d4 Nf6 31. Be2 Red8 32. Re5 Rxd4 33. Bd3+ Kg7 34.
Rxb5 Rc7 35. Re3 Nd5 36. Rg3+ Kf6 37. Rf3+ Ke7 38. Rb8 Nb4 39. Bb5 Nxc2 40. Rb7
Kd6 41. Rf6 Rd1+ 42. Kh2 Nd4 43. Rxh6 Nxb5 44. Rxb5 Ke7 45. f4 Rd5 46. Rb2 Ra5
47. g4 Rac5 48. Kg3 Rc2 49. Rxc2 Rxc2 50. f5 Bd7 51. h4 Rc6 52. Rh8 Rxa6 53. h5
Ra1 54. h6 Rh1 55. Kf4 a5 56. Ra8 Rxh6 57. Rxa5 Rb6 58. Kg5 Kf8 59. Rd5 Be8 60.
Rd4 Kg7 61. Re4 Kf8 62. Rd4 Ra6 63. Rd8 f6+ 64. Kh4 Ke7 65. Rd4 Ra1 66. Re4+ Kf7
67. Kg3 Rg1+ 68. Kf2 Rc1 69. Kg3 Bd7 70. Rd4 Bc6 71. Rd6 Rc3+ 72. Kh4 Rc1 73.
Kg3 Rc4 74. g5 fxg5 75. Rg6 Rc3+ 76. Kg4 1-0

[Event "FIDE World Rapid Team"]
[Site "London ENG"]
[Date "2025.06.11"]
[Round "2.2"]
[White "Maroroa Jones, Gawain C B"]
[Black "Dudin, Gleb"]
[Result "0-1"]
[WhiteTitle "GM"]
[BlackTitle "GM"]
[WhiteElo "2653"]
[BlackElo "2574"]
[WhiteTeam "Malcolm's Mates"]
[BlackTeam "Global Ramblers"]
[WhiteFideId "409561"]
[BlackFideId "34184934"]
[EventDate "2025.06.11"]
[EventType "team"]

1. Nf3 d5 2. g3 Nf6 3. Bg2 e6 4. O-O Be7 5. c4 O-O 6. d4 dxc4 7. Qc2 a6 8. a4
Nc6 9. Nbd2 Nb4 10. Qc3 b5 11. Ne1 Nfd5 12. Qf3 Bb7 13. b3 c3 14. Ne4 Nc6 15.
Qd3 b4 16. a5 f5 17. Nc5 Bxc5 18. dxc5 Qe7 19. Qc4 Ne5 20. Qd4 Qf6 21. Bg5 Qxg5
22. Qxe5 Qf6 23. Qxf6 gxf6 24. Nc2 Rab8 25. Nd4 Rfe8 26. c6 Bc8 27. Bxd5 exd5
28. f4 Kf7 29. Rfd1 Ke7 30. Rd3 Kd6 31. Rad1 Kc5 32. Kf2 Be6 33. h3 h5 34. e3
Bf7 35. Rg1 Re4 36. h4 Be8 37. Nxf5 Bxc6 38. g4 Bd7 39. Ng3 Bxg4 40. Nxe4+ dxe4
41. Rd4 Kb5 42. Rd5+ c5 43. f5 Kc6 44. Rxg4 Kxd5 45. Rg1 c4 0-1

[Event "FIDE World Rapid Team"]
[Site "London ENG"]
[Date "2025.06.11"]
[Round "2.3"]
[White "Shabalov, Alexander"]
[Black "Vitiugov, Nikita"]
[Result "1/2-1/2"]
[WhiteTitle "GM"]
[BlackTitle "GM"]
[WhiteElo "2483"]
[BlackElo "2671"]
[WhiteTeam "Global Ramblers"]
[BlackTeam "Malcolm's Mates"]
[WhiteFideId "2008572"]
[BlackFideId "4152956"]
[EventDate "2025.06.11"]
[EventType "team"]

1. e4 e6 2. d4 d5 3. e5 c5 4. c3 Qa5 5. Nf3 cxd4 6. Nxd4 Nc6 7. Nxc6 bxc6 8. Bd3
Ba6 9. O-O Bxd3 10. Qxd3 Ne7 11. Nd2 Ng6 12. Nf3 Be7 13. g3 Qb5 14. Qc2 O-O 15.
h4 Rfb8 16. h5 Nf8 17. h6 g6 18. b3 Nd7 19. Re1 c5 20. Bg5 Bf8 21. c4 Qb7 22.
cxd5 Qxd5 23. Re3 Nb6 24. Rd1 Qc6 25. Nd2 Nd5 26. Ree1 a5 27. a4 Qb7 28. Rb1 Ra6
29. Nc4 Nb4 30. Qe2 Nc6 31. Qf3 Nd4 32. Qxb7 Rxb7 33. Re3 Ra8 34. Kg2 Nf5 35.
Rc3 Bxh6 36. Bxh6 Nxh6 37. Nd6 Rb6 38. Rxc5 Nf5 39. Nc4 Rba6 40. Rd1 R6a7 41.
Rb5 h5 42. Nb6 Rb8 43. Nd7 Rc8 44. Rc5 Rxc5 45. Nxc5 Rc7 46. Rd8+ Kg7 47. Ne4
Rb7 48. Nc5 Rc7 49. Ne4 Rb7 50. Nc5 Rc7 51. Ne4 1/2-1/2

[Event "FIDE World Rapid Team"]
[Site "London ENG"]
[Date "2025.06.11"]
[Round "2.4"]
[White "Adams, Michael"]
[Black "Reprintsev, Alexander"]
[Result "1-0"]
[WhiteTitle "GM"]
[BlackTitle "IM"]
[WhiteElo "2659"]
[BlackElo "2256"]
[WhiteTeam "Malcolm's Mates"]
[BlackTeam "Global Ramblers"]
[WhiteFideId "400041"]
[BlackFideId "14100541"]
[EventDate "2025.06.11"]
[EventType "team"]

1. e4 e5 2. Nf3 Nc6 3. Bb5 a6 4. Ba4 Bc5 5. c3 Nge7 6. d4 exd4 7. cxd4 Bb4+ 8.
Bd2 Bxd2+ 9. Qxd2 d5 10. exd5 Nxd5 11. Bxc6+ bxc6 12. O-O O-O 13. Nc3 Be6 14.
Ne4 Ne7 15. Nc5 Bd5 16. Ne5 f6 17. Ned3 Nf5 18. Qf4 Nd6 19. Rfe1 Re8 20. b3 a5
21. h3 Nb5 22. a4 Nd6 23. b4 Bc4 24. bxa5 Rxe1+ 25. Rxe1 Bxd3 26. Nxd3 Rxa5 27.
Nc5 Ra8 28. Qf3 Kh8 29. Qxc6 h6 30. Ne6 Qe8 31. Qxc7 Nf7 32. a5 Rc8 33. Qb7 Rb8
34. Qd5 Qa4 35. Rc1 Ng5 36. Nxg5 hxg5 37. g3 Qa3 38. Re1 Qc3 39. Re3 Qd2 40. Kg2
Qc2 41. a6 Qa4 42. Re6 Qa1 43. Qe4 Rg8 44. d5 Qa5 45. h4 g4 46. Qf5 Rf8 47. Rc6
Qa4 48. Rc8 Rxc8 49. Qxc8+ Kh7 50. Qf5+ Kh8 51. Qd3 Qd7 52. d6 Qc6+ 53. Kh2 Qb6
54. Qd2 1-0

[Event "FIDE World Rapid Team"]
[Site "London ENG"]
[Date "2025.06.11"]
[Round "2.5"]
[White "Zatonskih, Anna"]
[Black "Mirzoeva, Elmira"]
[Result "1/2-1/2"]
[WhiteTitle "IM"]
[BlackTitle "WGM"]
[WhiteElo "2306"]
[BlackElo "2294"]
[WhiteTeam "Global Ramblers"]
[BlackTeam "Malcolm's Mates"]
[WhiteFideId "14101572"]
[BlackFideId "4127951"]
[EventDate "2025.06.11"]
[EventType "team"]

1. d4 d5 2. c4 c6 3. Nc3 Nf6 4. e3 e6 5. Nf3 Nbd7 6. b3 Bd6 7. Bd3 O-O 8. O-O e5
9. cxd5 cxd5 10. Nb5 Bb8 11. dxe5 Nxe5 12. Be2 a6 13. Nbd4 Qe7 14. Bb2 Ne4 15.
Rc1 Bd7 16. Nc2 Bc6 17. Nxe5 Bxe5 18. Bxe5 Qxe5 19. Qd4 Qf6 20. Nb4 Qxd4 21.
exd4 Rfc8 22. Bd3 Kf8 23. Rfe1 Nd6 24. Nxc6 bxc6 25. Kf1 Nb5 26. Red1 Nxd4 27.
Bxh7 Ne6 28. Bf5 Ke7 29. h4 Kd6 30. g3 a5 31. Rc3 a4 32. b4 a3 33. Rcd3 Rcb8 34.
Rb1 Ra4 35. Bxe6 fxe6 36. Rdb3 e5 37. Ke2 e4 38. f3 1/2-1/2

[Event "FIDE World Rapid Team"]
[Site "London ENG"]
[Date "2025.06.11"]
[Round "2.6"]
[White "Soulier, Alfred"]
[Black "Volkov, Leonid"]
[Result "1-0"]
[WhiteElo "1911"]
[BlackElo "1828"]
[WhiteTeam "Malcolm's Mates"]
[BlackTeam "Global Ramblers"]
[WhiteFideId "486264"]
[BlackFideId "12848140"]
[EventDate "2025.06.11"]
[EventType "team"]

1. e4 e5 2. Nf3 Nc6 3. Bc4 Nf6 4. Ng5 d5 5. exd5 Nd4 6. c3 b5 7. Bf1 Nxd5 8.
Nxf7 Kxf7 9. cxd4 exd4 10. Qf3+ Kg8 11. Bxb5 Bb7 12. O-O Qf6 13. Qxf6 gxf6 14.
d3 Bd6 15. Nd2 f5 16. Nf3 c5 17. Re1 h6 18. Bd2 Kf7 19. Bd7 Ne7 20. Ne5+ Kf6 21.
Nc4 Rag8 22. Nxd6 Bxg2 23. Re6+ 1-0

[Event "FIDE World Rapid Team"]
[Site "London ENG"]
[Date "2025.06.11"]
[Round "2.1"]
[White "Abdusattorov, Nodirbek"]
[Black "Navara, David"]
[Result "0-1"]
[WhiteTitle "GM"]
[BlackTitle "GM"]
[WhiteElo "2767"]
[BlackElo "2657"]
[WhiteTeam "Uzbekistan"]
[BlackTeam "Hetman GKS Katowice"]
[WhiteFideId "14204118"]
[BlackFideId "309095"]
[EventDate "2025.06.11"]
[EventType "team"]

1. e4 e5 2. Nf3 Nc6 3. Bb5 Nf6 4. d3 Bc5 5. O-O Nd4 6. Nxd4 Bxd4 7. c3 Bb6 8.
Ba4 O-O 9. Bg5 h6 10. Bh4 d6 11. Nd2 g5 12. Bg3 Bg4 13. Qe1 Nh5 14. Kh1 Nf4 15.
Bc2 Be6 16. f3 f5 17. Bf2 Qf6 18. Bxb6 axb6 19. Qe3 Qg7 20. d4 fxe4 21. fxe4 Kh8
22. a4 Rf7 23. g3 Bh3 24. Rg1 Ng6 25. g4 Nf4 26. Rg3 exd4 27. cxd4 h5 28. Rxh3
Nxh3 29. Qxh3 Qxd4 30. Bb3 Rh7 31. Rd1 hxg4 32. Qxg4 Qf2 33. Qg2 Rf8 34. Be6 Rf4
35. Rf1 Qxg2+ 36. Kxg2 Rxf1 37. Nxf1 Kg7 38. Bc8 Kf6 39. Bxb7 c6 40. Bxc6 Rc7
41. Bb5 Rc2+ 42. Kf3 Rxb2 43. Ne3 Rb3 44. Ke2 Ke5 45. Nc4+ Kd4 46. Kf2 Rxb5 47.
axb5 Kxc4 48. Kf3 Kd4 0-1

[Event "FIDE World Rapid Team"]
[Site "London ENG"]
[Date "2025.06.11"]
[Round "2.2"]
[White "Klimkowski, Jan"]
[Black "Sindarov, Javokhir"]
[Result "0-1"]
[WhiteTitle "GM"]
[BlackTitle "GM"]
[WhiteElo "2508"]
[BlackElo "2710"]
[WhiteTeam "Hetman GKS Katowice"]
[BlackTeam "Uzbekistan"]
[WhiteFideId "21856222"]
[BlackFideId "14205483"]
[EventDate "2025.06.11"]
[EventType "team"]

1. d4 Nf6 2. c4 e6 3. Nc3 d5 4. cxd5 exd5 5. Bg5 Be7 6. e3 O-O 7. Bd3 Re8 8.
Nge2 c6 9. Qc2 g6 10. O-O a5 11. a3 Nbd7 12. h3 Nf8 13. Bf4 Ne6 14. Be5 Ng7 15.
Ng3 Bf8 16. e4 Nd7 17. Bf4 Ne6 18. Be3 dxe4 19. Bxe4 Nf6 20. Rad1 Nc7 21. Bf3
Nfd5 22. Bc1 Bg7 23. Qb3 Rb8 24. Nge4 h6 25. Nc5 b6 26. Nxd5 Nxd5 27. Ne4 Be6
28. Qc2 Qd7 29. Nc3 Rbd8 30. Rfe1 Kh7 31. Be4 b5 32. Ne2 a4 33. Ng3 Ne7 34. Qb1
Bb3 35. Bc2 Bxc2 36. Qxc2 Nd5 37. Ne4 Qf5 38. Re2 Re7 39. Ng3 Qxc2 40. Rxc2 Re6
41. Kf1 Nb6 42. Ne2 Nc4 43. Rd3 Red6 44. Be3 R6d7 45. b3 axb3 46. Rxb3 Ra8 47.
g4 g5 48. Kg2 Rd6 49. Ra2 Re6 50. Kf3 Bf8 51. d5 Rf6+ 52. Kg2 b4 53. Bd4 Rg6 54.
dxc6 Rxc6 55. a4 Kg8 56. Be3 Rca6 57. Nd4 Rxa4 58. Rc2 Rc8 59. Bc1 Raa8 60. Rb1
Na3 61. Bxa3 bxa3 62. Ra2 Rab8 63. Nb5 Ra8 64. Rb3 Ra5 65. Nd4 Rc4 66. Nf5 h5
67. Kg3 hxg4 68. hxg4 Ra8 69. Rd3 Rc7 70. Rb3 Rcc8 71. Rd3 Rcb8 72. Rdd2 Rb3+
73. Ne3 Bc5 74. Rd5 Bxe3 75. fxe3 f6 76. Kf3 Kf7 77. Rd6 Rh8 78. Re2 Rh3+ 79.
Ke4 Rb4+ 80. Kd3 Rxg4 81. Rf2 Rf4 82. Ra2 Ra4 83. Rd7+ Kg6 84. Rb7 Ra8 85. Rb3
Rd8+ 86. Ke4 f5+ 87. Ke5 Re8+ 88. Kd4 Re4+ 89. Kd5 Rexe3 0-1

[Event "FIDE World Rapid Team"]
[Site "London ENG"]
[Date "2025.06.11"]
[Round "2.3"]
[White "Yakubboev, Nodirbek"]
[Black "Seemann, Jakub"]
[Result "1-0"]
[WhiteTitle "GM"]
[BlackTitle "IM"]
[WhiteElo "2659"]
[BlackElo "2450"]
[WhiteTeam "Uzbekistan"]
[BlackTeam "Hetman GKS Katowice"]
[WhiteFideId "14203987"]
[BlackFideId "21874697"]
[EventDate "2025.06.11"]
[EventType "team"]

1. d4 Nf6 2. Nf3 d5 3. a3 e6 4. Bf4 c5 5. e3 Nc6 6. h3 cxd4 7. exd4 Bd6 8. Bxd6
Qxd6 9. Nc3 O-O 10. Bd3 e5 11. Nb5 Qe7 12. dxe5 Nxe5 13. O-O Bd7 14. Nbd4 Rfe8
15. Re1 Nxf3+ 16. Nxf3 Qd6 17. Qd2 Rxe1+ 18. Rxe1 Re8 19. Rd1 Qb6 20. Qb4 Qc7
21. Nd4 b6 22. Re1 Qc5 23. Rxe8+ Bxe8 24. Qd2 Qe7 25. Nf5 Qe6 26. Qf4 g6 27. Ne3
Qe7 28. Qd4 Bc6 29. Be2 Qe6 30. Bf3 h5 31. c3 Kf8 32. Qf4 Nd7 33. Qc7 Ne5 34.
Be2 Qe7 35. Qb8+ Kg7 36. Bxh5 Nc4 37. Qg3 Qe4 38. Bf3 Qb1+ 39. Kh2 Nxe3 40. Qe5+
Kg8 41. fxe3 Qxb2 42. Qb8+ Kg7 43. Qxa7 Qb3 44. Qc7 Qa4 45. Qxb6 Kg8 46. Qb8+
Kh7 47. Qb4 Qa7 48. Qf4 Kg8 49. c4 Qxa3 50. Bxd5 Be8 51. Qb8 Qa4 52. c5 Kh7 53.
Qc7 Kg8 54. c6 Qb4 55. Qd8 Kg7 56. c7 Qc3 1-0

[Event "FIDE World Rapid Team"]
[Site "London ENG"]
[Date "2025.06.11"]
[Round "2.4"]
[White "Cieslak, Patryk"]
[Black "Vokhidov, Shamsiddin"]
[Result "1/2-1/2"]
[WhiteTitle "FM"]
[BlackTitle "GM"]
[WhiteElo "2442"]
[BlackElo "2644"]
[WhiteTeam "Hetman GKS Katowice"]
[BlackTeam "Uzbekistan"]
[WhiteFideId "21078882"]
[BlackFideId "14204223"]
[EventDate "2025.06.11"]
[EventType "team"]

1. e4 c5 2. Nf3 e6 3. d4 cxd4 4. Nxd4 Nc6 5. Nc3 Qc7 6. Be3 a6 7. Qd2 Nf6 8.
O-O-O Be7 9. f4 b5 10. e5 b4 11. exf6 bxc3 12. Qxc3 Bxf6 13. g4 h6 14. h4 Bb7
15. Rh2 Rc8 16. Qd2 Nxd4 17. Bxd4 Bf3 18. Bxf6 gxf6 19. Be2 Be4 20. Bxa6 Rb8 21.
Qe3 Qc6 22. Bd3 Bf3 23. Be2 Be4 24. Bd3 Bf3 25. Rg1 Ke7 26. Rf2 Bd5 27. Qd4 Qb6
28. Qxb6 Rxb6 29. b3 Rc8 30. Kb2 Bc6 31. c4 d6 32. g5 hxg5 33. hxg5 Rh8 34. f5
fxg5 35. f6+ Kd7 36. Rxg5 Rbb8 37. Rg7 Rbf8 38. Bh7 e5 39. Bf5+ Kd8 40. Rd2 Kc7
41. Bg6 Rh6 42. Bxf7 Rxf6 43. Bd5+ Kb6 44. Bxc6 Kxc6 45. Rgg2 Re8 46. Rge2 Rf3
47. Re4 Rf4 48. Rxf4 exf4 49. Rf2 Rf8 50. Kc3 d5 51. Kd4 dxc4 52. Kxc4 f3 53.
Kd3 Kc5 54. Ke4 Kb4 55. Rxf3 Ra8 56. Rf2 Rd8 57. Rf7 Ra8 58. Rf2 Rd8 59. Ke3 Kc3
60. Rf7 Re8+ 61. Kf3 Ra8 62. Rc7+ Kb2 63. b4 Kxa2 64. b5 Rb8 65. Rc5 Kb3 66. Ke4
Kb4 67. Re5 Rxb5 68. Rxb5+ Kxb5 1/2-1/2

[Event "FIDE World Rapid Team"]
[Site "London ENG"]
[Date "2025.06.11"]
[Round "2.5"]
[White "Khamdamova, Afruza"]
[Black "Tsatsalashvili, Keti"]
[Result "1-0"]
[WhiteTitle "WIM"]
[BlackTitle "WGM"]
[WhiteElo "2326"]
[BlackElo "2305"]
[WhiteTeam "Uzbekistan"]
[BlackTeam "Hetman GKS Katowice"]
[WhiteFideId "14210444"]
[BlackFideId "13603434"]
[EventDate "2025.06.11"]
[EventType "team"]

1. e4 c6 2. d4 d5 3. Nc3 dxe4 4. Nxe4 Bf5 5. Ng3 Bg6 6. Nf3 Nd7 7. h4 h6 8. Bd3
Bxd3 9. Qxd3 e6 10. Bf4 Ngf6 11. O-O-O Be7 12. Kb1 Qb6 13. c4 O-O-O 14. Ne4 Nxe4
15. Qxe4 Nf6 16. Qe2 Rhf8 17. Rhe1 Qa5 18. Ne5 Bb4 19. Rh1 Bd6 20. c5 Bxe5 21.
Qxe5 Nd7 22. Qxg7 Rg8 23. Qxh6 e5 24. Bxe5 Nxe5 25. dxe5 Qxc5 26. Qf6 Rde8 27.
g3 Rxe5 28. Qxf7 Rf8 29. Qd7+ Kb8 30. f4 Re3 31. Rhg1 Rg8 32. g4 Rf3 33. f5 a6
34. Qe6 Rh8 35. h5 Ka8 36. Qf6 Rg8 37. h6 Rf8 38. Qd6 Qxd6 39. Rxd6 Rh3 40. Rg6
Rh2 41. f6 Ka7 42. a3 Rd8 43. Ka1 Rdd2 44. Rb1 Rdf2 45. g5 b5 46. Rg7+ Kb6 47.
h7 b4 48. axb4 Rf4 49. f7 Kb5 50. Rg8 Rxb4 51. f8=Q Ra4+ 52. Qa3 1-0

[Event "FIDE World Rapid Team"]
[Site "London ENG"]
[Date "2025.06.11"]
[Round "2.6"]
[White "Smolinski, Wojciech"]
[Black "Imomkuzieva, Nilufarkhon"]
[Result "0-1"]
[BlackTitle "WFM"]
[WhiteElo "1987"]
[BlackElo "2066"]
[WhiteTeam "Hetman GKS Katowice"]
[BlackTeam "Uzbekistan"]
[WhiteFideId "21088683"]
[BlackFideId "14216736"]
[EventDate "2025.06.11"]
[EventType "team"]

1. e4 e5 2. Nf3 Nc6 3. Bc4 Bc5 4. c3 Nf6 5. d3 d6 6. O-O a5 7. h3 O-O 8. Re1 Ba7
9. Bg5 Be6 10. Bb5 h6 11. Bh4 Ne7 12. d4 Ng6 13. Bg3 c6 14. Bf1 Bb8 15. Nbd2 Bc7
16. Qc2 Nh5 17. Bh2 Ngf4 18. Kh1 g5 19. Bc4 Qf6 20. Bxe6 fxe6 21. Re3 Ng7 22. a4
h5 23. dxe5 dxe5 24. Qb3 Rab8 25. Rd1 b5 26. Nf1 Bb6 27. axb5 cxb5 28. Ng3 Bxe3
29. fxe3 Nxg2 0-1

[Event "FIDE World Rapid Team"]
[Site "London ENG"]
[Date "2025.06.11"]
[Round "2.1"]
[White "Hong, Andrew"]
[Black "Mamedov, Rauf"]
[Result "0-1"]
[WhiteTitle "GM"]
[BlackTitle "GM"]
[WhiteElo "2589"]
[BlackElo "2657"]
[WhiteTeam "FIDE MB Team"]
[BlackTeam "Freedom"]
[WhiteFideId "2099438"]
[BlackFideId "13401653"]
[EventDate "2025.06.11"]
[EventType "team"]

1. c4 c5 2. Nf3 g6 3. g3 Bg7 4. Bg2 Nc6 5. Nc3 e6 6. d3 Nge7 7. Qd2 b6 8. b3 Bb7
9. Bb2 Nd4 10. Ne4 d5 11. cxd5 exd5 12. Nxd4 dxe4 13. Nb5 e3 14. Qxe3 Bxb2 15.
Bxb7 Bxa1 16. Bxa8 a6 17. O-O Bg7 18. Qe4 axb5 19. Bc6+ Kf8 20. Bxb5 Nf5 21. e3
Bf6 22. Qf3 Kg7 23. Rc1 Qa8 24. Qxa8 Rxa8 25. a4 Bb2 26. Rc2 Ba3 27. Kf1 Bb4 28.
Ke2 Ra7 29. g4 Nd6 30. Bc6 f5 31. h3 Re7 32. f4 g5 33. Kf3 gxf4 34. Kxf4 fxg4
35. hxg4 Nf7 36. Be4 h6 37. Bf5 Ng5 38. e4 Nf7 39. Ke3 Re8 40. d4 cxd4+ 41. Kxd4
Ne5 42. Rc7+ Kf6 43. Ke3 Rd8 44. Rb7 Rd6 45. Ke2 Kg5 46. Bc8 Kf4 47. Rh7 Rd2+
48. Kf1 Kg3 49. Ba6 Rf2+ 0-1